Medale Polski według dyscyplin sportowych na igrzysk olimpijskich - Statystyki

Ogólne statystyki
  • Ten quiz został rozwiązany 193 razy
    99 od ostatniego zresetowania
  • Średni wynik to 14 z 21
Statystyki odpowiedzi
Medale Złoto Srebro Brąz Dyscyplina % Poprawnych
4 1 1 2 Siatkówka
96%
67 29 20 18 Lekkoatletyka
90%
44 8 10 26 Boks
88%
3 1 2 0 Piłka Nożna
87%
23 0 9 14 Kajakarstwo
80%
6 1 3 2 Pływanie
80%
27 5 9 13 Zapasy
79%
1 0 0 1 Piłka ręczna
73%
8 3 3 2 Judo
71%
12 0 8 4 Kolarstwo
69%
20 4 4 12 Wioślarstwo
68%
12 4 3 5 Strzelectwo
64%
23 4 9 10 Szermierka
64%
34 6 6 22 Podnoszenie ciężarów
63%
2 1 0 1 Wspinaczka sportowa
63%
1 0 0 1 Tenis ziemny
58%
5 1 1 3 Żeglarstwo
52%
2 0 1 1 Łucznictwo
49%
4 1 1 2 Gimnastyka
42%
6 1 3 2 Jeździectwo
42%
4 3 0 1 Pięciobój nowoczesny
40%
Nie znaleziono quizów pasujących do podanych kryteriów
Rozkład punktacji
Procent ludzi z każdym wynikiem
Percentyl według liczby udzielonych odpowiedzi
Twoja historia wyników
Nie rozwiązałeś tego quizu od ostatniego zresetowania